Catálogo

La razón creativa : (Registro nro. 61612)

Detalles MARC
000 -LEADER
fixed length control field 00618nam a2200193 u 4500
001 - CONTROL NUMBER
control field 61612
005 - DATE AND TIME OF LATEST TRANSACTION
control field 20180714063319.0
008 - FIXED-LENGTH DATA ELEMENTS--GENERAL INFORMATION
fixed length control field 141028s2009 sp r 000 0 spa d
020 ## - INTERNATIONAL STANDARD BOOK NUMBER
International Standard Book Number 978-84-321-3660-3
082 0# - DEWEY DECIMAL CLASSIFICATION NUMBER
Classification number 153.35
Item number BAR
100 1# - MAIN ENTRY--PERSONAL NAME
Personal name Barrena, Sara
Relator term autor
245 13 - TITLE STATEMENT
Title La razón creativa :
Remainder of title crecimiento y finalidad del ser humano según C. S. Peirce /
Statement of responsibility, etc. Sara Barrena.
264 #1 - PRODUCTION, PUBLICATION, DISTRIBUTION, MANUFACTURE, AND COPYRIGHT NOTICE
Place of production, publication, distribution, manufacture España :
Name of producer, publisher, distributor, manufacturer Ediciones Rialp,
Date of production, publication, distribution, manufacture, or copyright notice 2007
300 ## - PHYSICAL DESCRIPTION
Extent 318 páginas : ;
Dimensions 20 cm.
336 ## - CONTENT TYPE
Content type term texto
Source rdacontent
337 ## - MEDIA TYPE
Media type term sin mediación
Source rdamedia
338 ## - CARRIER TYPE
Carrier type term volume
Source rdacarrier
650 #0 - SUBJECT ADDED ENTRY--TOPICAL TERM
Topical term or geographic name entry element Creatividad
Existencias
Withdrawn status Lost status Source of classification or shelving scheme Damaged status Not for loan Collection code Home library Current library Shelving location Date acquired Source of acquisition Inventory number Total Checkouts Full call number Barcode Date last seen Price effective from Koha item type
    Dewey Decimal Classification     General Centro de Estudios en Ciencia y Religión Centro de Estudios en Ciencia y Religión Sala general 28/10/2014 Compra 151000000000000000077958   153.35 BAR 2007 93116 05/01/2026 20/11/2015 Libro